सच में ... / (Record no. 214202)
[ view plain ]
| 000 -LEADER | |
|---|---|
| fixed length control field | 00679nam a22001817a 4500 |
| 005 - DATE AND TIME OF LATEST TRANSACTION | |
| control field | 20260116103114.0 |
| 010 ## - LCCN (DPL NO) | |
| LC control number | HIN-130813 |
| 020 ## - INTERNATIONAL STANDARD BOOK NUMBER | |
| International Standard Book Number | 9789391546069 |
| Terms of availability | 200.00 |
| 035 ## - SYSTEM CONTROL NUMBER | |
| System control number | HN-103159 |
| 037 ## - SOURCE OF ACQUISITION | |
| Source of stock number/acquisition | DBAD |
| 082 ## - DEWEY DECIMAL CLASSIFICATION NUMBER | |
| Classification number | क |
| 100 ## - MAIN ENTRY--PERSONAL NAME | |
| Personal name | भाटिया , गीता |
| 245 ## - TITLE STATEMENT | |
| Title | सच में ... / |
| Statement of responsibility, etc | गीता भाटिया |
| 260 ## - PUBLICATION, DISTRIBUTION, ETC. (IMPRINT) | |
| Place of publication, distribution, etc | नई दिल्ली |
| Name of publisher, distributor, etc | शब्दांकुर प्रकाशन |
| Date of publication, distribution, etc | 2021 |
| 270 ## - ADDRESS | |
| Address | जे-द्वितीय तल -41, मदनगीर, |
| City | नई दिल्ली |
| Postal code | 110062 |
| 300 ## - PHYSICAL DESCRIPTION | |
| Extent | 95पृ. |
| Dimensions | 22सेमी (अजिल्द) |
| 942 ## - ADDED ENTRY ELEMENTS (KOHA) | |
| Source of classification or shelving scheme | Dewey Decimal Classification |
| Item type | Hindi Books |
| Classification part | क |
| Call number suffix | भाटिया |
| Withdrawn status | Lost status | Not for loan | Collection code | Home library | Current library | Date acquired | Source of acquisition | Cost, normal purchase price | Full call number | Barcode | Copy number | Cost, replacement price | Koha item type |
|---|---|---|---|---|---|---|---|---|---|---|---|---|---|
| Non-fiction | Central Jail Tihar | Central Jail Tihar | 16/01/2026 | DBAD | 200.00 | क भाटिया | HN-103159 | 1 | 200.00 | Hindi Books |
